000 00430nam a2200181Ia 4500
003 0100
008 130303s9999 xx 000 0 und d
040 _cARRUPELIB
050 _aBV210.2.D6151985
100 _aDoherty, Catherine de Hueck
245 _aSoul of my soul
245 _breflections from a life of prayer
260 _aNotre Dame IN
260 _bAve Maria Pr.
260 _C1985
300 _a128p
942 0 0 _01
999 _c23633
_d23633